| 000 | 00509cam a22001577a 4500 | ||
|---|---|---|---|
| 008 | 180718b1997 xxu||||| |||| 00| 0 eng d | ||
| 020 | _a9840513818 | ||
| 082 | _aQ31x5471 W85 | ||
| 245 |
_aWho needs credit?: poverty and finance in Bangladesh _cedited by Geoffrey D. Wood and Iffath Sharif |
||
| 260 |
_aDhaka _bUniversity Press _c1997 |
||
| 300 | _a395p. | ||
| 650 | _aPublic finance - Bangladesh | ||
| 650 | _aPoverty - Bangladesh - Case studies | ||
| 700 | _aSharif, Iffath | ||
| 700 | _aWood, Geoffrey D. | ||
| 999 |
_c385757 _d385757 |
||